000 00823cam a22002773a 4500
001 137
003 PGUSA
005 20140828082944.0
008 060308s2006||||xxu|||||s|||||000 1 eng d
040 _aPGUSA
_beng
042 _adc
050 4 _aPS
050 4 _aPZ
100 1 _aBurnett, Frances Hodgson,
_d1849-1924
245 1 0 _aSara Crewe; Or, What Happened at Miss Minchin's Boarding School
_h[electronic resource] /
_cFrances Hodgson Burnett
260 _bProject Gutenberg,
_c2006
506 _aPublic domain in the USA.
516 _aElectronic text
653 _aOrphans -- Fiction
653 _aBoarding schools -- Fiction
653 _aLondon (England) -- Fiction
653 _aSchools -- Fiction
830 0 _aProject Gutenberg
_v137
856 4 0 _uhttp://www.gutenberg.org/ebooks/137
942 _cEB
999 _c229508
_d229508